Hati yang luka

Bibliographic Details
Main Author: Norhayati berahim
Format: Book
Language:Malay
Published: Selangor : NB Kara , 2008
Subjects:

MARC

LEADER 00000cam a2200000 7i4500
001 0000020800
005 20090410.0
008 090408s my # may
020 |a 9834347308 ,   |c RM21.90 
040 |a INS 
090 0 0 |a PL5136   |b N67 2008 
100 0 |a Norhayati berahim 
245 1 0 |a Hati yang luka   |c Norhayati Berahim 
260 |a Selangor :   |b NB Kara ,   |c 2008 
300 |a 561ms. ;   |c 18cm. 
650 0 |a Malay fiction 
999 |a 0000020737   |b BOOK   |c Open Shelf   |e Default branch